00450 a2200145 4500010001400000020002300014035001300037037001500050082000800065245008700073260003200160270006400192300002700256700002100283 aENG-86609 a8190396110c695.00 aEN-70142 bDBAD / PUB14a3061 aSocial development :cedited by Rajeshwar Prasadbrole of science and technology / aAgrabY.K. Publishersc2006 aBlock-77, Sanjay Place,bAgrae282 002cU. P.k0562-2853506 axxiii, 334pc22cm (Hb) aRajeshwar Prasad